| 000 | 01234 a2200301 4500 | ||
|---|---|---|---|
| 090 | _c10092 | 10092 | ||
| 008 | 080814t xxu||||| |||| 00| 0 eng d | ||
| 010 | _a 2001025468 | ||
| 020 | _a052179286X (hb) | ||
| 020 | _a0521797063 (pb.) | ||
| 040 |
_aDLC _cDLC _dDLC |
||
| 050 | 0 | 0 | _aJC131 |
| 082 | 0 | 0 |
_a306.2 _221 _bMIG |
| 100 | 1 | _aMigdal, Joel S. | |
| 245 | 1 | 0 |
_aState in society : _bstudying how states and societies transform and constitute one another / _cJoel S. Migdal. |
| 260 |
_aCambridge ; _aNew York : _bCambridge University Press, _cc.2001. |
||
| 300 |
_axi, 291 p. ; _c24 cm. |
||
| 440 | 0 | _aCambridge studies in comparative politics | |
| 504 | _aIncludes bibliographical references (p. 265-285) and index. | ||
| 650 | 0 | _aState, The. | |
| 650 | 0 | _aSocial control. | |
| 650 | 0 | _aPower (Social sciences) | |
| 856 | 4 | 2 |
_3Publisher description _uhttp://www.loc.gov/catdir/description/cam021/2001025468.html |
| 856 | 4 | 1 |
_3Table of contents _uhttp://www.loc.gov/catdir/toc/cam026/2001025468.html |
| 942 |
_2ddc _cARCH |
||
| 999 |
_c10092 | 10092 _d10092 |
||